| 000 | 00527 a2200181 4500 | ||
|---|---|---|---|
| 003 | OSt | ||
| 005 | 20231215091443.0 | ||
| 008 | 231214b |||||||| |||| 00| 0 eng d | ||
| 020 | _a9789388646604 | ||
| 040 | _coclc | ||
| 082 |
_a894.8128 _bKAR/M |
||
| 100 |
_aKarve, Irawati _910104 |
||
| 245 |
_aMahabharatha Padanangal / _cEravathi Karve |
||
| 250 | _a1st ed. | ||
| 260 |
_aKozhikode: _bPusthaka Prasadhaka Sangham, _c2021. |
||
| 300 | _a176p. | ||
| 942 |
_2ddc _cBK _h894.8128 _iKAR/M _k894.8128 _mKAR/M |
||
| 999 |
_c44133 _d44133 |
||